Catálogo público

Agroclimatology of West Africa (Record no. 57084)

MARC details
000 -CABECERA
campo de control de longitud fija 01314nam a22003737a 4500
003 - IDENTIFICADOR DEL NÚMERO DE CONTROL
campo de control CHAP
005 - FECHA Y HORA DE LA ÚLTIMA TRANSACCIÓN
campo de control 20220329140742.0
008 - DATOS DE LONGITUD FIJA--INFORMACIÓN GENERAL
campo de control de longitud fija 971013s1984 r 00010 d
010 ## - NÚMERO DE CONTROL DE LA BIBLIOTECA DEL CONGRESO
Número de control de LC 57084
011 ## - ENLACE DEL NUMERO DE CONTROL DE LA BIBLIOTECA DEL CONGRESO [OBSOLETO]
Número de control de LC 58056
035 ## - NÚMERO DE CONTROL DEL SISTEMA
Número de control de sistema 62211
040 ## - FUENTE DE LA CATALOGACIÓN
Centro/agencia transcriptor CHAP
082 ## - NÚMERO DE LA CLASIFICACIÓN DECIMAL DEWEY
Número de clasificación 551.5
Número de documento/Ítem S58
100 00 - ENTRADA PRINCIPAL--NOMBRE DE PERSONA
Nombre de persona Sivakumar, M. V. K.
9 (RLIN) 106798
245 ## - MENCIÓN DE TÍTULO
Título Agroclimatology of West Africa
Resto del título : Mali
260 ## - PUBLICACIÓN, DISTRIBUCIÓN, ETC.
Lugar de publicación, distribución, etc. Patancheru, India :
Nombre del editor, distribuidor, etc. International Crops Research Institute for the Semi-Arid Tropics,
Fecha de publicación, distribución, etc. 1984
300 ## - DESCRIPCIÓN FÍSICA
Extensión 294 p.
Otras características físicas : ilus. ; mapas
490 ## - MENCIÓN DE SERIE
Mención de serie Information bulletin
Designación de volumen o secuencia ; 19
590 ## - NOTA LOCAL (RLIN)
Nota local BATCH-UPD
Procedencia (VM) [OBSOLETO] 10
Condición del los carretes individuales (VM) [OBSOLETO] 20130110
-- UCH01
-- 0455
590 ## - NOTA LOCAL (RLIN)
Nota local BATCH-UPD
Procedencia (VM) [OBSOLETO] 10
Condición del los carretes individuales (VM) [OBSOLETO] 20130110
-- UCH01
-- 2327
590 ## - NOTA LOCAL (RLIN)
Nota local BATCH-UPD
Procedencia (VM) [OBSOLETO] 10
Condición del los carretes individuales (VM) [OBSOLETO] 20130410
-- UCH01
-- 0133
590 ## - NOTA LOCAL (RLIN)
Nota local BATCH-UPD
Procedencia (VM) [OBSOLETO] 10
Condición del los carretes individuales (VM) [OBSOLETO] 20130914
-- UCH01
-- 0948
590 ## - NOTA LOCAL (RLIN)
Nota local CONVERSION
Procedencia (VM) [OBSOLETO] 10
Condición del los carretes individuales (VM) [OBSOLETO] 20130109
-- UCH01
-- 1331
650 14 - PUNTO DE ACCESO ADICIONAL DE MATERIA--TÉRMINO DE MATERIA
Término de materia o nombre geográfico como elemento de entrada Clima
Subdivisión general Mali.
9 (RLIN) 23833
650 14 - PUNTO DE ACCESO ADICIONAL DE MATERIA--TÉRMINO DE MATERIA
Término de materia o nombre geográfico como elemento de entrada Meteorología agrícola.
9 (RLIN) 75217
700 0# - PUNTO DE ACCESO ADICIONAL--NOMBRE DE PERSONA
Nombre de persona Konate, M.
9 (RLIN) 63683
700 0# - PUNTO DE ACCESO ADICIONAL--NOMBRE DE PERSONA
Nombre de persona Virmani, S. M.
9 (RLIN) 119931
830 0# - PUNTO DE ACCESO ADICIONAL DE SERIE-TÍTULO UNIFORME
Título uniforme Information bulletin
Designación de volumen o secuencia ; 19
9 (RLIN) 58099
901 ## - ELEMENTOS DE DATOS A LOCAL LDA (RLIN)
a BK
942 ## - ELEMENTOS DE PUNTO DE ACCESO ADICIONAL (KOHA)
Tipo de ítem Koha Libro
949 ## - PROCESAMIENTO DE INFORMACIÓN LOCAL (OCLC)
a 551.5 S58
b BC
c LIBRO
d 33724000239059
e LIBRO
f c.3
h 64989
i 62211
s i
949 ## - PROCESAMIENTO DE INFORMACIÓN LOCAL (OCLC)
a 551.5 S58
b BC
c LIBRO
d 33724000423307
e LIBRO
f c.2
h 64988
i 62211
s i
949 ## - PROCESAMIENTO DE INFORMACIÓN LOCAL (OCLC)
a 551.5 S58
b BC
c LIBRO
d 33724000423315
e LIBRO
h 64987
i 62211
s i
Holdings
Estado de retiro Estado de pérdida Fuente del sistema de clasificación o colocación Estado dañado Restricciones de uso No para préstamo Código de colección Localización permanente Ubicación/localización actual Ubicación en estantería Fecha de adquisición Información codificada de la localización en otra ubicación Total de préstamos Signatura topográfica completa Código de barras Fecha visto por última vez Número de copia Precio válido a partir de Tipo de ítem Koha
    Dewey Decimal Classification   Préstamo 15 días   General Biblioteca Central Biblioteca Central Planta alta - Colección General 31/12/2019 LIBRO   551.5 S58 33724000239059 31/12/2019 c.3 31/12/2019 Libro
    Dewey Decimal Classification   Préstamo 15 días   General Biblioteca Central Biblioteca Central Planta alta - Colección General 31/12/2019 LIBRO   551.5 S58 33724000423307 31/12/2019 c.2 31/12/2019 Libro
    Dewey Decimal Classification   Préstamo 15 días   General Biblioteca Central Biblioteca Central Planta alta - Colección General 31/12/2019 LIBRO   551.5 S58 33724000423315 31/12/2019   31/12/2019 Libro